Welche Stadt in NRW ist größer? (extrem schwer) - Statistiken

Allgemein
  • Dieses Quiz wurde 194 mal gespielt
  • Das Durchschnittsergebnis liegt bei 8 aus 12
Antwortstatistiken
Frage Antwort % Korrekt
Aber da gibt es noch mehr große Städte. Detmold
87%
Geil, es geht in Richtung Neandertal. Mettmann
80%
Eingekesselt zwischen Düsseldorf, Duisburg, Essen, Bochum und Wuppertal. Ratingen
77%
Auch wenn diese Frage nochmal unglaublich schwer ist, kann doch keiner sauer auf das Sauerland sein. Olpe
73%
Es wird schwerer. (Nein, eigentlich nicht. Schwer war es auch vorher schon.) Iserlohn
72%
Mit den letzten Fragen des Alphabets lassen sich unglaublich schwere Fragen machen. Diese Frage nach einem wirklichen Anhaltspunkt zu beantworten ist unmöglich. Xanten
67%
Das ist unbefriedigend. Hennef (Sieg)
65%
Spaß mit dem Dehnungs-i. Troisdorf
65%
Die Existenz dieser Städte ist bewiesen. Ist in der Region aber nicht immer so. Minden
62%
Fast Großstadt, aber nicht ganz. Witten
58%
Süper Ürtsnamen zwüschen Küln ünd Bünn. Hürth
50%
Wagen wir uns nun nach Ostwestfalen-Lippe. Lemgo
50%
Keine übereinstimmenden Quizze gefunden
Verteilung der Resultate
Anzahl Personen mit jedem Resultat
Perzentil nach korrekt beantworteten Fragen
Ihre Resultats-Entwicklung
Sie haben dieses Quiz noch nicht gespielt